00795nam a22001457a 4500008004100000020001800041050002400059100002500083245004600108260005200154300001800206500038600224650002000610650001900630160517b xxu||||| |||| 00| 0 spa d a9789508924766 aRC489.V57 P34b2014 aPachuk, Carlos autor aTerapia de grupo virtualc/ Carlos Pachuk aBuenos Aires, Argentinab: Lugar Editoresc2014 a182 páginas aContiene: Índice Parte I: La experiencia virtual A. Historias on line B. Clínica on line C. Aportes Parte II: Ficciones virtuales A. Una semana sin celular (relato) B. Una terapia de grupo virtual en el 2084 (cuento) C. El destino de Hans (cuento) Parte III: Reflexiones y teorías sobre la virtualidad A. La subjetividad actual B. Nuevo esquema del Psiquismo y la Virtualidad 0aPSICOANÁLISIS 0aPSICOTERAPÍA